|
|
|
|
| LEADER |
00000nab a2200000 ar4500 |
| 001 |
vtls009006136 |
| 003 |
SK-MaSNL |
| 005 |
20260303065727.0 |
| 008 |
070710c2007 xo wr|p|||||||000 b|slo |
| 015 |
|
|
|a SNBRB2007/07
|2 snkbucl
|
| 038 |
|
|
|a SNKBUCL
|
| 040 |
|
|
|a SNKBUCL
|b slo
|c SNKBUCL
|e AACR2
|
| 041 |
|
|
|a slo
|
| 044 |
|
|
|a xo
|c SK
|
| 080 |
|
|
|a 32-051
|2 1997
|
| 100 |
1 |
|
|a Šelestiaková, Katarína
|4 ivr
|9 839103
|
| 245 |
1 |
0 |
|a Poradca
|c Katarína Šelestiaková, Bohumil Hanzel
|
| 300 |
|
|
|b Fotogr.
|
| 600 |
1 |
7 |
|a Hanzel, Bohumil
|d 1948-
|2 snkbucl
|9 102072
|
| 700 |
1 |
|
|a Hanzel, Bohumil,
|d 1948-
|4 ive
|9 102072
|
| 773 |
0 |
|
|t Plus 7 dní
|g Roč. XVII, č. 25 (2007), s. 40-43
|x 1210-2040
|
| 852 |
|
|
|a SNK
|b KIS3GCP
|
| 958 |
|
|
|a BX
|
| 999 |
|
|
|c 1752388
|d 1754318
|